Statistics for World Countries with Five Borders (with a map)

Click here to take the quiz!

General Stats

  • This quiz has been taken 107 times
    (94 since last reset)
  • The average score is 12 of 23

Answer Stats

Country % Correct
Bolivia
79%
Peru
72%
Argentina
70%
Kazakhstan
66%
Myanmar
64%
Switzerland
64%
Romania
63%
Belarus
62%
Colombia
58%
Bulgaria
57%
Republic of the Congo
57%
Slovakia
55%
Kenya
55%
Uzbekistan
53%
Croatia
50%
Syria
47%
Laos
46%
Uganda
41%
Cote d'Ivoire
39%
Macedonia
37%
Montenegro
33%
Senegal
33%
Azerbaijan
24%

Score Distribution

Percentile by Number Answered

Percent of People with Each Score

Your Score History

You have not taken this quiz since the last reset